| 000 | 00000nam 2200000za 4500 |
| 001 | 9.644305 |
| 003 | CaOODSP |
| 005 | 20250506145324 |
| 007 | cr ||||||||||| |
| 008 | 150407|1979||||xxc|||||o f|0| 0 fre d |
| 040 | |aCaOODSP|bfre |
| 043 | |an-cn--- |
| 086 | 1 |aA15-1667/1979F-PDF |
| 110 | 1 |aCanada.|bAgriculture Canada. |
| 245 | 10|aQu'en savez-vous? ... Agriculture Canada |h[ressource électronique] |
| 260 | |aOttawa - Ontario : |bAgriculture Canada |c1979. |
| 300 | |a16p.|bill. |
| 500 | |aPublication historique numérisée par Agriculture et Agroalimentaire Canada |
| 590 | |a15-03-Supp|b2015-03-13 |
| 775 | 08|tWhat you should know about Agriculture Canada |w(CaOODSP)9.700419 |
| 794 | |tQue savez-vous d'Agriculture Canada |w(CaOODSP)9.644304 |
| 856 | 40|ahttp://publications.gc.ca|qPDF|s1110 Ko|uhttps://publications.gc.ca/collections/collection_2015/aac-aafc/A15-1667-1979-fra.pdf |
| 986 | |aPublication 1667 |